MARC

LEADER 00000nam0a2200000 4500
001 136065
005 20231101220608.0
010 |a 5717301073 
020 |a RU  |b 91-55504 
035 |a (RuTPU)RU\TPU\book\147456 
090 |a 136065 
100 |a 20080418d1991 km a0rusy5003 ca 
101 0 |a rus 
102 |a BY 
105 |a a z 001zy 
200 1 |a Изучение глубинного строения Припятского прогиба методами разведочной геофизики  |e сборник научных трудов 
210 |a Минск  |c БелНИГРИ  |d 1991 
215 |a 106 с.  |c ил. 
320 |a Библиография в конце статей 
610 1 |a земная кора 
610 1 |a изучение 
610 1 |a глубинное строение 
610 1 |a Припятский прогиб 
610 1 |a разведка 
610 1 |a геофизика 
610 1 |a сборники 
610 1 |a строение 
610 1 |a полезные ископаемые 
610 1 |a поиски 
610 1 |a геофизическая разведка 
675 |a 550.83  |v 3 
712 0 2 |a Белорусский научно-исследовательский геологоразведочный институт  |2 stltpush  |3 (RuTPU)RU\TPU\col\7965  |9 24442 
801 0 |a RU  |b RuMRKP  |c 19960705  |g psbo 
801 1 |a RU  |b 63413507  |c 20080418  |g PSBO 
801 2 |a RU  |b 63413507  |c 20091030  |g PSBO 
900 |a Методы разведочной геофизики 
942 |c BK